Baldorioty de Castro : (Record no. 17904)
[ view plain ]
| 000 -CABECERA | |
|---|---|
| campo de control de longitud fija | 00803cam a2200241 a 4500 |
| 001 - NÚMERO DE CONTROL | |
| campo de control | 000018383 |
| 005 - FECHA Y HORA DE LA ÚLTIMA TRANSACCIÓN | |
| campo de control | 20250707094846.0 |
| 008 - DATOS DE LONGITUD FIJA--INFORMACIÓN GENERAL | |
| campo de control de longitud fija | 751030s1973 pr 001 0 spa d |
| 035 ## - NÚMERO DE CONTROL DEL SISTEMA | |
| Número de control de sistema | (DLC) 68089283 |
| 035 ## - NÚMERO DE CONTROL DEL SISTEMA | |
| Número de control de sistema | (OCoLC)1746285 |
| 040 ## - FUENTE DE LA CATALOGACIÓN | |
| Centro catalogador/agencia de origen | DO-SdBNP |
| Lengua de catalogación | spa |
| Centro/agencia transcriptor | BNPHU |
| 082 ## - NÚMERO DE LA CLASIFICACIÓN DECIMAL DEWEY | |
| Número de clasificación | 923.2 |
| Número de documento/Ítem | C355C |
| 100 1# - ENTRADA PRINCIPAL--NOMBRE DE PERSONA | |
| Nombre de persona | Cruz Monclova, Lidio. |
| 9 (RLIN) | 39807 |
| 245 10 - MENCIÓN DE TÍTULO | |
| Título | Baldorioty de Castro : |
| Resto del título | su vida, sus ideas / |
| Mención de responsabilidad, etc. | Lidio Cruz Monclova. |
| 260 ## - PUBLICACIÓN, DISTRIBUCIÓN, ETC. | |
| Lugar de publicación, distribución, etc. | San Juan, Puerto Rico : |
| Nombre del editor, distribuidor, etc. | Instituto de Cultura Puertorriqueña, |
| Fecha de publicación, distribución, etc. | 1973 . |
| 300 ## - DESCRIPCIÓN FÍSICA | |
| Extensión | 419 p. ; |
| Dimensiones | 19 cm. |
| 490 1# - MENCIÓN DE SERIE | |
| Mención de serie | Biblioteca popular |
| 500 ## - NOTA GENERAL | |
| Nota general | Incluye índice onomástico. |
| 600 10 - PUNTO DE ACCESO ADICIONAL DE MATERIA--NOMBRE DE PERSONA | |
| Nombre de persona | BALDORIOTY DE CASTRO, ROMÁN, |
| Fechas asociadas al nombre | 1822-1889. |
| Subdivisión general | BIOGRAFÍA |
| 9 (RLIN) | 39808 |
| 650 #0 - PUNTO DE ACCESO ADICIONAL DE MATERIA--TÉRMINO DE MATERIA | |
| Término de materia o nombre geográfico como elemento de entrada | Políticos |
| 9 (RLIN) | 39809 |
| 651 #0 - PUNTO DE ACCESO ADICIONAL DE MATERIA--NOMBRE GEOGRÁFICO | |
| Nombre geográfico | Puerto Rico |
| 9 (RLIN) | 14773 |
| 830 #0 - PUNTO DE ACCESO ADICIONAL DE SERIE-TÍTULO UNIFORME | |
| Título uniforme | Biblioteca popular. |
| 9 (RLIN) | 5059 |
| Estado de retiro | Estado de pérdida | Restricciones de uso | No para préstamo | Código de colección | Localización permanente | Ubicación/localización actual | Ubicación en estantería | Fecha de adquisición | Número de inventario | Total de préstamos | Signatura topográfica completa | Código de barras | Fecha visto por última vez | Precio válido a partir de | Tipo de ítem Koha | Número de copia |
|---|---|---|---|---|---|---|---|---|---|---|---|---|---|---|---|---|
| Excluido de préstamo | Monografías: Libros y Folletos | General | General | Depósito | 30.04.2010 | LF1 | 923.2 C355C | 18383-10 | 25.06.2020 | 25.06.2020 | No se presta | |||||
| Excluido de préstamo | Monografías: Libros y Folletos | General | General | Depósito | 10.05.2010 | LF1 | 923.2 C355C | 18383-20 | 25.06.2020 | 25.06.2020 | No se presta | e. 2 | ||||
| Extraviado | Monografías: Libros y Folletos | General | General | Extraviado | 19.05.2017 | LF1 | 923.2 C355C | 18383-30 | 25.06.2020 | 25.06.2020 | Préstamo en sala | e. 3 |
